| 000 | 00913cas a22002175 4500 | ||
|---|---|---|---|
| 001 | L150486 | ||
| 008 | 111219c2011 xxk r p 0 a0eng u | ||
| 035 | _a(Sirsi) u150486 | ||
| 041 | 0 | _aeng | |
| 050 | _a333.33 $2 18 | ||
| 110 | 2 |
_aCluttons _92064 |
|
| 245 | 0 | 0 |
_aCommercial property market outlook _h[electronic resource] |
| 260 |
_aLondon _bCluttons _c2011 |
||
| 362 | 0 | _aJuly 2011- | |
| 490 | 0 |
_aCluttons Commercial Property Market Outlook _vJuly 2011- |
|
| 520 | _aProvides an up-to-date analysis of key factors influencing the UK commercial property market as a whole as well as the individual sectors, offices, retail and industrial, together with benchmark transactions and trends going forward. | ||
| 554 | _aFour per year | ||
| 651 | 4 |
_aUnited Kingdom _y |
|
| 856 | 4 | 8 |
_uhttps://www.cluttons.com/en-GB/research/market-reports.aspx _zView the report free of charge at www.cluttons.com |
| 942 | _n0 | ||
| 999 |
_c119279 _d119279 |
||